Histoire - Culture générale #aléatoire - Statistiques

Statistiques générales
  • Ce quiz a été pris 300 fois
    32 depuis la dernière actualisation
  • Le résultat moyen est 10 sur 16
Statistiques - réponses
Question Réponse % Correct
Date de l'armistice de la 1ère guerre mondiale 11 novembre 1918
100%
Année de l'indépendance des États-Unis 1776
100%
Année du sacre de Napoléon 1er 1804
100%
Année de fin de construction de la tour Eiffel 1889
100%
Neil Armstrong marcha pour la première fois sur la lune cette année la 1969
100%
L'attentat de Charlie Hebdo eu lieu cette année la 2015
100%
Année du sacre de Charlemagne 800
100%
Chancelière Allemande de 2005 à 2021 Angela Merkel
100%
Pape de 2005 à 2013 Benoit XVI
100%
Président Français élu en 1959 Charles De Gaulle
100%
Roi d'Angleterre depuis 2022 Charles III
100%
Ancien nom donné à Istanbul, en 1453 Constantinople
100%
Il a été 45ème puis 47ème président des États-Unis d'Amérique Donald Trump
100%
Il fut signé en 1598, signifiant la fin des guerres de religion en France Edit de Nantes
100%
Président Français élu en 2017 Emmanuel Macron
100%
Pays qui connu une guerre civile de 1936 à 1939 Espagne
100%
Guerre qui débuta en 1337 Guerre de cent ans
100%
Guerre qui eu lieu aux Etats-Unis de 1861 à 1965 Guerre de Sécession
100%
Il fut à l'origine de la chute de l'empire Aztèque en 1521 Hernán Cortés
100%
Nom du discours de Martin Luther King en 1963 I Have a Dream
100%
Il a publié "Principia Mathematica : lois du mouvement et gravitation" en 1687 Isaac Newton
100%
Président Français élu en 1995 Jacques Chirac
100%
Pape de 1978 à 2005 Jean-Paul II
100%
Elle fut "prise" le 14 juillet 1789 La bastille
100%
Guerre de 1955 à 1975 La Guerre du Vietnam
100%
Guerre de 1948 à 1989 entre USA et URSS la Guerre froide
100%
Elle a ravagée l'Europe entre 1347 et 1352 La peste Noire
100%
Elle fut offerte aux USA par la France en 1876. La statue de la liberté
100%
Il a découvert le vaccin contre la rage Louis Pasteur
100%
Cette ville fut fondée en -753 avant J-C Rome
100%
Ville ou eu lieu une catastrophe nucléaire en 1986 Tchernobyl
100%
Pays attaqué et "envahi" par la Russie en 2022 Ukraine
100%
Chef Gaulois vaincu à Alésia Vercingétorix
100%
Président Russe en 2025 Vladimir Poutine
100%
Monnaie crée en 2002 Euro
86%
Guerre qui eu lieu de 1950 à 1953 Guerre de Corée
86%
Année ou le "World Trade Center" a été détruit lors d'attentats 2001
83%
Il a découvert l’Amérique en 1492 Christophe Colomb
83%
Il publie L’Origine des espèces (théorie de l’évolution) en 1859 Charles Darwin
80%
Il fut assassiné en 1984 en Inde Gandhi
80%
1er président des États-Unis d'Amérique Georges Washington
80%
Invention de Bell en 1876 Téléphone
80%
Il a publié sa théorie héliocentrique en 1543 Copernic
75%
Il a lancé la réforme protestante en 1517. Martin Luther
75%
Nom du premier satellite artificiel, lancé en 1957 Spoutnik
75%
Bataille en 1815 durant laquelle Napoléon fut vaincu par les Anglais Waterloo
75%
Vercingétorix fut vaincu par César lors de cette bataille Alésia
71%
Année de la loi de séparation des Églises et de l’État en France 1905
67%
Année de la création de l'Etat d'Israël 1948
67%
Surnom donné à Louis XIV Le roi soleil
67%
Nom de Paris à l'époque Gauloise Lutèce
67%
Elle fut Reine de France de 1600 à 1610 Marie de Medicis
67%
Il fut libéré de prison en 1990, après 27 ans. Nelson Mandela
67%
Jeanne d'Arc fut exécutée dans cette ville en 1431 Rouen
67%
Président Français élu en 1974 Valérie Giscard d'Estaing
67%
Premier navigateur ayant atteint l'Inde en contournant l'Afrique Vasco De Gama
67%
Date de l'armistice de la 2nd guerre mondiale 8 mai 1945
60%
Pays dissout en 1991 URSS
57%
Année de l'assassinat de Jules César (avant J-C) 44
50%
Il a unifié les tribus mongoles en 1206 Gengis Khan
50%
Pays qui a obtenu son indépendances des Britanniques en 1947 Inde
50%
Chef romain victorieux lors de la bataille d'Alésia Jules César
50%
Elle fut vendue par Napoléon aux États-Unis en 1803 La Louisiane
50%
C'est en 1905 qu'elle fut séparée de l'Etat L'église
50%
Canal ouvert en 1869 Suez
50%
Elle fut Reine de France et femme de Louis XIII Anne d'Autriche
43%
Année du sacre de Hugues Capet 987
40%
Président Français élu en 1969 Georges Pompidou
40%
Il fut rétabli par Bonaparte en 1802. L'esclavage
40%
Il a crée le tableau périodique des éléments en 1869 Mendeleïev
40%
Organisation créée en 1949 OTAN
40%
Année de l'invention de l'imprimerie 1440
33%
Année du sacre de François 1er 1515
33%
Année du sacre de Louis XIV 1643
33%
Il fut construit en 1961 Le mur de Berlin
33%
Nom de Lyon à l'époque Gauloise Lugdunum
33%
Il a découvert la Pénicilline en 1928 Alexander Fleming
25%
Président Russe de 2008 à 2012 Dmitri Medvedev
25%
Il devint roi d'Angleterre en 1066 Guillaume le conquérant
25%
Ville ou eut lieu le second bombardement atomique le 9 août 1945 Nagasaki
25%
Président Français élu en 1954 René Coty
25%
Prénom du premier mammifère cloné en 1997 Dolly
20%
Année du sacre de Henri 1er 1031
0%
Année du sacre de Philippe IV "le Bel" 1285
0%
Année de la fin de la guerre d'indépendance Américaine 1783
0%
Année de la défaite de Waterloo 1815
0%
Année de la première exposition universelle à Paris. 1855
0%
Année ou fut "Proclamer la Troisième République" 1870
0%
Les premiers JO modernes ont eu lieu cette année la 1896
0%
Date de création de la "Déclaration des droits de l'homme" 26 août 1789
0%
Année du sacre de "Pépin le bref" 754
0%
Année ou se sont déroulées les premiers JO (avant J-C) 776
0%
Fondateur et figure centrale du nazisme Adolf Hitler
0%
Il est né au Nepal vers -509 av J-C Bouddha
0%
Elle fut Reine de France et femme d'Henri II Catherine de Médicis
0%
Roi de France sacré vers 466 Clovis 1er
0%
Roi d'Espagne depuis 2014 Felipe VI
0%
Président Français élu en 1895 Félix Faure
0%
Il fut à l'origine de la chute de l'empire Inca en 1533 Francisco Pizarro
0%
Président Américain durant la 2nd guerre mondiale Franklin D. Roosevelt
0%
Pays qui connu un tremblement de terre en 2010 causant plus de 200000 morts Haïti
0%
Bataille qui eu lieu en -490 av J-C entre les Grecs et les Perses La Bataille de Marathon
0%
Monument dont la construction à débuté en -221 av. J-C La grande muraille de Chine
0%
Pape élu en 2025 Léon XIV
0%
Ville ayant accueillie la première exposition universelle en 1851 Londres
0%
Elle fut Reine de France et femme de Louis XVI Marie-Antoinette d'Autriche
0%
Président Français élu en 1913 Raymond Poincaré
0%
Edward Jenner invente le vaccin contre cette maladie en 1796 Variole
0%
Aucun quiz correspondant
Distribution des résultats
% des personnes avec chaque résultat
Percentile par nombre de réponses
Votre historique - résultats
Vous n’avez pas pris ce quiz depuis la dernière actualisation